000 00776cam a2200157 4500500
005 20260111085603.0
041 _afre
042 _adc
100 1 0 _aSchumacher, Julio
_eauthor
245 0 0 _aSarah Farmer, La modernité est dans le pré, La campagne française après 1945. Traduction de l’anglais par Gabriel Boniecki. Flammarion, 2023, 336 pages, 24 €.
260 _c2023.
500 _a26
520 _aAu Palais de Tokyo, à Paris, le duo autrichien constitué de Jakob Lena Knebl et d’Ashley Hans Scheirl est au cœur d’une exposition résolument placée sous le signe du double.
786 0 _nÉtudes | Javier | 1 | 2023-12-22 | p. 121k-144k | 0014-1941
856 4 1 _uhttps://shs.cairn.info/revue-etudes-2024-1-page-121k?lang=fr&redirect-ssocas=7080
999 _c1618275
_d1618275